Mort subite : personnages d'Harry Potter - Statistiques

Statistiques générales
  • Ce quiz a été pris 946 fois
  • Le résultat moyen est 9 sur 11
Answers on the Grid
Answers color-coded by a green-red scale on the quiz's grid according to % correct below.
Fleur Delacour
Lucius Malefoy
Luna Lovegood
Bilbo Saquet
Abelforth Dumbledore
Sheldon Cooper
Olivier Dubois
Rudolph Noël
Luke Skywalker
Missy Cooper
Molly Weasley
Charlie Weasley
Averell Dalton
Dean Thomas
Neville Londubat
Severus Rogue
Sirius Black
Bianca Castofiore
Azraël
Justin Bridou
Woody
Cédric Bigory
 
Statistiques - réponses
Réponse % Correct
Lucius Malefoy
96%
Luna Lovegood
95%
Fleur Delacour
94%
Sirius Black
90%
Neville Londubat
89%
Molly Weasley
88%
Severus Rogue
87%
Abelforth Dumbledore
84%
Charlie Weasley
82%
Olivier Dubois
76%
Dean Thomas
67%
Aucun quiz correspondant
Distribution des résultats
% des personnes avec chaque résultat
Percentile par nombre de réponses
Votre historique - résultats
Vous n’avez pas pris ce quiz